000 00860cab a2200229 4500
001 WB3220-04
008 090401t1996 xxu||||| |||| 00| 0 eng d
035 _a(Sirsi) u8058
041 _aeng
245 _aHSE recommends asbestos management system
260 _c1996
350 _a0
490 _aHealth and Safety Commission News Release
_v(E84:96) May 1996
520 _aThe Health and Safety Executive recommends the introduction of an asbestos management system to deal with the risk of exposure, in a new guidance document "Managing asbestos in workplace buildings"
650 _aMANAGEMENT-HEALTH AND SAFETY-HAZARDOUS SUBSTANCES-ASBESTOS
650 _aFACILITIES MANAGEMENT
_96240
650 _aHEALTH AND SAFETY
_96244
650 _aWORKPLACE MANAGEMENT
690 _aBUILT ENVIRONMENT-BUILDING PATHOLOGY
942 _n0
948 _c04/03/1997
999 _c4908
_d4908